| 000 | 00712nam a22002297a 4500 | ||
|---|---|---|---|
| 005 | 20170124105945.0 | ||
| 010 | _aA-679347 | ||
| 020 |
_c00.00 _a8170246148 |
||
| 035 | _aA-679347 | ||
| 037 | _bCen Lib/Ret | ||
| 040 |
_aDPL _bEN |
||
| 082 |
_a302.35 _bCHI |
||
| 100 |
_aChitkara, M. G. _92223 |
||
| 245 |
_aBureaucracy and social changes / _cby M. G. Chitkara |
||
| 260 |
_aNew Delhi _bAshish Publishing House _c1994 |
||
| 270 |
_a8/81, Punjabi Bagh _bNew Delhi _e110026 |
||
| 300 |
_axvii,162p. : _c20cm(Hb) |
||
| 500 | _aIncludes bibliographic references and index | ||
| 650 |
_aPolitical science _978606 |
||
| 650 |
_aBureaucracy _978607 |
||
| 942 |
_2ddc _cEN _h302.35 _mCHI |
||
| 999 |
_c124855 _d124855 |
||